000 00843nam a2200253Ia 4500
001 dia_3074
003 CHAP
005 20251023154025.0
008 220117s1977 xx 000 0 und d
010 _a173580
040 _cCHAP
082 _aC 338.1 E53 1977
110 _aE. N. A. Departamento de Industrias Agrícolas
_9147432
245 _aInforme de anual de actividades 1977 /
_c por el Departamento de Industrias Agrícolas, E. N. A.
260 _aChapingo, México :
_b ENA, Departamento de Industrias Agrícolas,
_c1977
300 _a78 p.
503 _aD
650 _aEducación agrícola
_xMéxico
_9137279
650 _aIndustrias agrícolas
_xEstudio y enseñanza
_957947
901 _aC 338.1 E53 1977
902 _aM
905 _a0000001977 MX n 0000000000SPA00
942 _cLIBRO
_2ddc
999 _c173580
_d173580